La comunidad internacional contemporánea: relaciones y organismos internacionales

Guardat en:
Dades bibliogràfiques
Autor principal: Poblete Troncoso, Moisés (autor)
Format: Llibre
Idioma:espanyol
Publicat: Santiago Jurídica de Chile 1958
Matèries:
Etiquetes: Afegir etiqueta
Sense etiquetes, Sigues el primer a etiquetar aquest registre!

MARC

LEADER 00000nam a2200000 a 4500
001 UCT9287
003 CL-VaPUC
008 970404e19580000CL |||||||||||||||||spa|d
082 0 4 |a 341.2  |b POB  |2 21 
100 |a Poblete Troncoso, Moisés  |e autor  |9 605356 
245 1 3 |a La comunidad internacional contemporánea: relaciones y organismos internacionales 
300 |a 486 p 
942 |c BK 
945 |d 19970404 00:00:00  |a paguirre 
260 |a Santiago  |b Jurídica de Chile  |c 1958 
650 7 |a COMUNIDAD INTERNACIONAL  |2 CL-VaPUC  |9 381862 
650 0 |a Relaciones Internacionales  |9 255740 
650 0 |a Cooperación internacional  |9 255447 
650 7 |a SEGURIDAD COLECTIVA  |2 CL-VaPUC  |9 378098 
650 0 |a Paz  |9 259242 
650 0 |a Desarrollo económico y social   |9 256320 
651 0 |a América Latina   |9 255027 
583 |a last modification  |c 19970404 00:00:00  |k Rodrigo Vera 
999 |c 257702  |d 257700 
952 |0 0  |1 0  |4 0  |6 341_200000000000000_POB_1958  |7 0  |8 P  |9 281321  |a BIBDER  |b BIBDER  |d 2019-11-19  |i 4120418  |o 341.2 POB 1958  |p 4120418  |r 2023-01-25  |w 2019-11-19  |y BK  |k DER